Giáo trình thanh toán quốc tế trong ngoại thương
Gespeichert in:
| 1. Verfasser: | |
|---|---|
| Format: | Buch |
| Sprache: | Undetermined |
| Veröffentlicht: |
Hà Nội
Giáo dục
2002
|
| Schlagworte: | |
| Tags: |
Tag hinzufügen
Keine Tags, Fügen Sie den ersten Tag hinzu!
|
| Thư viện lưu trữ: | Trung tâm Học liệu Trường Đại học Cần Thơ |
|---|
| LEADER | 00608nam a2200205Ia 4500 | ||
|---|---|---|---|
| 001 | CTU_81252 | ||
| 008 | 210402s9999 xx 000 0 und d | ||
| 020 | |c 45000 | ||
| 082 | |a 332.15 | ||
| 082 | |b Tr312 | ||
| 100 | |a Đinh Xuân Trình | ||
| 245 | 0 | |a Giáo trình thanh toán quốc tế trong ngoại thương | |
| 245 | 0 | |c Đinh Xuân Trình | |
| 260 | |a Hà Nội | ||
| 260 | |b Giáo dục | ||
| 260 | |c 2002 | ||
| 650 | |a banks and banking,international economic relations | ||
| 650 | |x accounting | ||
| 904 | |i Mai Loan | ||
| 980 | |a Trung tâm Học liệu Trường Đại học Cần Thơ | ||